Score 0/49 Timer 04:00
0 Plays Today
Clue 4-Letter Word % Correct
♥ To ____ a Mockingbird ♥
Harper Lee
KILL
97.9%
♥ A ____ of Two Cities ♥
Charles Dickens
TALE
97.1%
♥ Moby-____
Herman Melville
DICK
95.7%
♥ ____ of the Flies ♥
William Golding
LORD
94.9%
Prison roomCELL
94.9%
♥ Of ____ and Men ♥
John Steinbeck
MICE
94.8%
♥ ... Huckleberry ____
Mark Twain
FINN
94.4%
Like most NBA playersTALL
93.3%
Dinner signalBELL
92.9%
Scot's skirtKILT
92.9%
Bank noteBILL
92.4%
♥ The ____ of the [Part 1] ♥
Jack London
CALL
92%
Canine kissLICK
91.7%
Chop finelyDICE
91.6%
LumberWOOD
90.1%
FatLARD
88.5%
Microsoft productWORD
88.3%
DeficiencyLACK
88.1%
WitherWILT
87.9%
SongbirdLARK
87.2%
Rouse from sleepWAKE
86.4%
♥ Uncle ___'_ Cabin ♥
Harriet Beecher Stowe
TOM'S
85.8%
♥ The [Part 2] of the ____
Jack London
WILD
85.7%
'Easy ___ it!'DOES
84.7%
Walk through waterWADE
83.5%
Clue 4-Letter Word % Correct
GrabTAKE
81.6%
Kids' little piggiesTOES
81.2%
Green gemJADE
80.8%
DomesticatedTAME
79.5%
♥ The ____ Earth ♥
Pearl S. Buck
GOOD
79.3%
Big BookTOME
78.4%
Forty-niner's questGOLD
78.1%
In good shapeFINE
77.7%
♥ Their ____ Were Watching God ♥
Zora Neale Hurston
EYES
76.2%
ColorantsDYES
76.2%
♥ [Part 2] with the ____
Margaret Mitchell
WIND
75.4%
♥ ____ with the [Part 1] ♥
Margaret Mitchell
GONE
74.5%
Kind of shaftMINE
73.2%
♥ ____ [Part 2] ♥
Charlotte Brontë
JANE
72%
Court dividerLINE
66.5%
PathLANE
65.8%
♥ [Part 1] ____
Charlotte Brontë
EYRE
64.8%
Star Wars' Qui Gon-____JINN
60.1%
Flirtatious womanMINX
59.7%
Village in North-Central PolandGOLE
58.4%
HexJINX
57.2%
Small village in Northern ItalyEYRS
52.9%
Enameled metalwareTOLE
51.4%
Inflection expressive of a mood or emotionTONE
51.1%

Today's Daily Dose

Remove Ads.
Support Sporcle.
Get the best of Sporcle when you Go Orange. This ad-free experience offers more features, more stats, and more fun while also helping to support Sporcle. Thank you for becoming a member.

You're not logged in!

Compare scores with friends on all Sporcle quizzes.
OR
Log In

Show Comments

Extras

Top Quizzes Today


Score Distribution

Your Account Isn't Verified!

In order to create a playlist on Sporcle, you need to verify the email address you used during registration. Go to your Sporcle Settings to finish the process.

Report this User

Report this user for behavior that violates our Community Guidelines.

Details: